| 000 | 01558nam a2200361 c 4500 | ||
|---|---|---|---|
| 003 | BLK | ||
| 005 | 20250801084719.0 | ||
| 008 | 180409b bul|||||r ||||||| ||bul|| | ||
| 010 | _aKNG00139050000 | ||
| 020 |
_a978-954-769-292-3 _bиздат.: Обсидиан |
||
| 040 | _aBLK | ||
| 041 |
_aBUL _cBUL |
||
| 072 | 7 |
_2bullib _aН83 _xЧужда художествена литература Н |
|
| 080 |
_aАмериканска литература (на САЩ) _b821.111(73) _x-31 _z821.111(73)-31 |
||
| 100 | 1 |
_aАлкот, Кейт _eпърви автор _gО'Брайън, Патрисия _930873 |
|
| 700 | 1 |
_aАбаджиева, Красимира _eпрев. от англ. _9363340 |
|
| 700 | 1 |
_aО'Брайън, Патрисия _e* _9323640 |
|
| 139 |
_aАлкот, Кейт _bА 55 |
||
| 245 | 1 | 0 |
_aШивачката _bРоман _cКейт Алкот; прев. от англ. Красимира Абаджиева; * Патрисия О'Брайън. |
| 257 | _aUSA | ||
| 260 |
_аСофия _bОбсидиан _c2012 _fВ. Търново : Абагар |
||
| 300 |
_a304 с. _c20 см |
||
| 380 | _aX | ||
| 500 | _aОриг. загл. The Dressmaker / Kate Alcott. - Кейт Алкот - е псевд. на Патрисия О'Брайън. | ||
| 653 | _aромани | ||
| 659 | _aН | ||
| 852 | _aЦб 258171 | ||
| 856 | 4 |
_qpdf _u |
|
| 856 | 4 |
_qpdf _u |
|
| 942 |
_cKNG _n0 _043 |
||
| 944 |
_aCR _c06.02.2013 _lНора Радева _k30545 |
||
| 944 |
_aED _c02.06.2016 _lф / _kВиолета_Тройчева |
||
| 999 |
_c133160 _d133160 |
||